| 000 | 00395nam a2200157Ia 4500 | ||
|---|---|---|---|
| 003 | GCL | ||
| 008 | 140319s9999 xx 000 0 eng d | ||
| 040 |
_aGCL / _cGCL |
||
| 082 | 0 | 4 |
_a823 _bH A |
| 100 | 1 | _aHUXLEY, ALDOUS | |
| 245 | 1 | 0 |
_aANTIC HAY : ANOVEL / _cHUXLEY, ALDOUS |
| 260 |
_a[S.N] : _bPENGUIN BOOKS ، _c1948 |
||
| 300 | _a245 P P | ||
| 650 | 0 | 4 | _aENGLISH LITERATURE |
| 942 |
_2ddc _cBK |
||
| 999 |
_c11940 _d11940 |
||